000 00717nam a22002417a 4500
003 UA-OsUOA
001 130452
007 ta
008 20180502b un ||||| |||| 00| 0 ukr d
100 _aФедака Д.
090 _a82.09(477)
_bФ32
942 _cBK
040 _aUA-OsUOA
_bukr
_cUA-OsUOA
_dUA-OsUOA
245 _aТри погляди на поезію Сергія Макари
_cВ. Любченко, М. Наєнко
300 _a65 с.
955 _a2
041 _aukr
080 _a82.09(477)
020 _a978-80-96772-2-2
260 _aБанська Бистриіца
_bДафос
_c2013
650 7 _a82 Література. Літературознавство
_2UDC
999 _c418479
_d418479